Ha Giang participatory poverty assessement

Gespeichert in:
Bibliographische Detailangaben
1. Verfasser: Force, Poverty Task
Format: Buch
Sprache:Undetermined
Veröffentlicht: Ha Noi United Nations Development Programme 2003
Schlagworte:
Tags: Tag hinzufügen
Keine Tags, Fügen Sie den ersten Tag hinzu!
Thư viện lưu trữ: Trung tâm Học liệu Trường Đại học Cần Thơ
LEADER 00563nam a2200193Ia 4500
001 CTU_68769
008 210402s9999 xx 000 0 und d
082 |a 361.959735 
082 |b F697 
100 |a Force, Poverty Task 
245 0 |a Ha Giang participatory poverty assessement 
245 0 |c Poverty Task Force 
260 |a Ha Noi 
260 |b United Nations Development Programme 
260 |c 2003 
650 |a Poverty,Hộ nghèo 
650 |z Ha Giang,Tỉnh Hà Giang 
910 |a Năm 
980 |a Trung tâm Học liệu Trường Đại học Cần Thơ